Wyniki Mistrzostw Świata 2014 (od grupy A do D) - Statystyki

Ogólne statystyki
  • Ten quiz został rozwiązany 339 razy
  • Średni wynik to 12 z 24
Statystyki odpowiedzi
Grupa Wynik % Poprawnych
Brazylia vs Chorwacja 3:1
97%
Meksyk vs Kamerun 1:0
77%
Hiszpania vs Holandia 1:5
74%
Brazylia vs Meksyk 0:0
63%
Hiszpania vs Chile 0:2
62%
Australia vs Hiszpania 0:3
57%
Kamerun vs Brazylia 1:4
56%
Australia vs Holandia 2:3
55%
Chile vs Australia 3:1
54%
Kamerun vs Chorwacja 0:4
53%
Holandia vs Chile 2:0
49%
Chorwacja vs Meksyk 1:3
48%
Anglia vs Włochy 1:2
47%
Kolumbia vs Grecja 3:0
46%
Urugwaj vs Kostaryka 1:3
44%
Urugwaj vs Anglia 2:1
44%
Włochy vs Kostaryka 0:1
43%
WKS vs Japonia 2:1
40%
Kolumbia vs WKS 2:1
38%
Kostaryka vs Anglia 0:0
37%
Włochy vs Urugwaj 0:1
36%
Grecja vs WKS 2:1
32%
Japonia vs Grecja 0:0
30%
Japonia vs Kolumbia 1:4
27%
Nie znaleziono quizów pasujących do podanych kryteriów
Rozkład punktacji
Procent ludzi z każdym wynikiem
Percentyl według liczby udzielonych odpowiedzi
Twoja historia wyników
Nie rozwiązałeś tego quizu